| 000 | 00615nam a2200193 i 4500 | ||
|---|---|---|---|
| 001 | 142510 | ||
| 003 | ES-MaACL | ||
| 005 | 20251204171149.0 | ||
| 007 | t| | ||
| 008 | 071005s1969 sp ||||1| spa d | ||
| 100 | 1 |
_aWitte, Eberhard. _9117173 |
|
| 245 | 1 | 3 |
_aLa política de liquidez en la empresa / _cEberhard Witte ; [traducción, José A. Bravo ; revisión Bernardo Muñoz]. |
| 260 |
_aBarcelona : _bSagitario, _c[1969] |
||
| 300 |
_a191 p. ; _c22 cm. |
||
| 700 |
_aBravo, José Antonio _9198639 |
||
| 700 | 1 |
_aMuñoz, Bernardo. _984296 |
|
| 852 |
_aES-MaACL _jC-38613 _bR.69962 |
||
| 999 |
_c142510 _d142510 |
||